000 00666nam a22002057a 4500
005 20251108173717.0
008 250721s2007 xx 000 0 ara d
082 1 4 _a910.956/إبر
100 1 _aإبراهيم، عبد الله
_eمؤلف
245 1 0 _aعالم القرون الوسطى في أعين المسلمين /
250 _aط.2.
264 1 _aعمان :
_bدار الفارس للنشر و التوزيع،
_c2007.
300 _a720ص.
650 1 7 _aالعصور الوسطى
650 1 7 _aالتراجم
650 1 7 _aالبلدان الاسلاميه
650 1 7 _aالرحلات الجغرافيه
942 _2ddc
_cREF
999 _c110551
_d110551